| 000 | 00566nam a2200181Ia 4500 | ||
|---|---|---|---|
| 008 | 140609s9999 xx 000 0 und d | ||
| 020 | _a9789814424967 | ||
| 050 |
_aHF 5548.8 _b.Aa17 2013 |
||
| 100 | _aAamodt, Michael G. | ||
| 245 |
_aIndustrial and organizational psychology / _cMichael G. Aamodt |
||
| 250 | _a2nd ed. | ||
| 260 |
_aSingapore : _bCengage Learning Asia Pte Ltd., _cc2013. |
||
| 300 |
_a666 p. : _bill. ; _c23 cm. |
||
| 500 | _aIncludes bibliographical references, glossary and index. | ||
| 521 | _aBSBA | ||
| 942 |
_kFOR _cBK |
||
| 999 |
_c118042 _d118042 |
||